Lyrics to 'Coastline' by Hollow Coves - Statistics

General Stats
  • This quiz has been taken 16 times
  • The average score is 183 of 212
Answer Stats
Answer % Correct
a
100%
away
100%
far
100%
I
100%
I'm
100%
know
100%
me
100%
mean
100%
moving
100%
place
100%
sun
100%
sunny
100%
To
100%
what
100%
you
100%
You
100%
all
80%
And
80%
and
80%
burns
80%
by
80%
can
80%
Cause
80%
coastline
80%
dream
80%
dreamed
80%
feel
80%
Feels
80%
fire
80%
first
80%
for
80%
free
80%
hear
80%
heart
80%
hearts
80%
home
80%
in
80%
it
80%
it's
80%
I've
80%
just
80%
keep
80%
leaving
80%
life
80%
like
80%
lose
80%
mind
80%
morning
80%
move
80%
my
80%
night
80%
now
80%
ocean
80%
of
80%
on
80%
our
80%
Our
80%
paint
80%
seaside
80%
season
80%
see
80%
sense
80%
sky
80%
sleep
80%
Some
80%
sounds
80%
summer
80%
that
80%
the
80%
The
80%
there's
80%
This
80%
time
80%
under
80%
us
80%
wake
80%
way
80%
we
80%
we're
80%
Where
80%
will
80%
young
80%
air
60%
tide
60%
with
60%
yeah
60%
fills
40%
lungs
40%
No matching quizzes found
Score Distribution
Percent of People with Each Score
Percentile by Number Answered
Your Score History
You have not taken this quiz